Sociální zabezpečení ve Francii.

Tri hlavné subsystémy francúzskeho systému sociálneho zabezpečenia: zdravotníctvo, starostlivosť o rodinu a mládež, starostlivosť o starých a nemocných občanov. Trojstupňová výstavba subsystémov: základný systém štátny a povinný, doplnkový systém dobrovoľný a v niektorých prípadoch povinne rozšírený...

Descrizione completa

Salvato in:
Dettagli Bibliografici
Autore principale: Dostal, J.
Natura: Capitolo di libro
Lingua:ceco
Soggetti:
Tags: Aggiungi Tag
Nessun Tag, puoi essere il primo ad aggiungerne!!

MARC

LEADER 00000naa a2200000 4500
001 r011877
005 20220826092627.0
041 0 |a cze 
044 |a CZ 
245 1 0 |a Sociální zabezpečení ve Francii.  |c J. Dostal 
520 |a Tri hlavné subsystémy francúzskeho systému sociálneho zabezpečenia: zdravotníctvo, starostlivosť o rodinu a mládež, starostlivosť o starých a nemocných občanov. Trojstupňová výstavba subsystémov: základný systém štátny a povinný, doplnkový systém dobrovoľný a v niektorých prípadoch povinne rozšírený na všetkých zamestnancov, individuálny systém dobrovoľný. Združenie AGRR ako doplnkový dôchodkový systém. 
610 2 0 |a zabezpečenie sociálne 
610 2 0 |a Francúzsko 
610 2 0 |a zdravotníctvo 
610 2 0 |a starostlivosť sociálna 
100 1 |a Dostal, J.